000 00944pam a2200289 a 4500
001 1052621
003 OSt
005 20161208182222.0
008 901018s1991 enka b 001 0 eng
010 _a 90021775
020 _a0521360463 (hardback)
020 _a0521369134 (paperback)
040 _aDLC
_cDLC
_dDLC
050 0 0 _aTK7870
_b.B357 1991
082 0 0 _a621.381 BAS 1991
_220
100 1 _aBasak, Amitava.
_94952
245 1 0 _aAnalogue Electronic Circuits and Systems
260 _bCambridge University Press,
_c1991.
300 _axii, 361 p. :
_bill. ;
_c24 cm.
440 0 _aElectronics texts for engineers and scientists
_94953
504 _aIncludes bibliographical references and index.
650 0 _aElectronics
_94954
650 0 _aCircuit systems
_911372
856 4 1 _3Sample text
_uhttp://www.loc.gov/catdir/samples/cam041/90021775.html
906 _a7
_bcbc
_corignew
_d1
_eocip
_f19
_gy-gencatlg
942 _2z
_cSLOAN
999 _c1885
_d1885